[Event "WchT Seniors 50"]
[Site "Prague"]
[Date "2020.03.12"]
[Round "7.4"]
[White "Hughes, Anthony"]
[Black "Harlinska, Sandra"]
[Result "1/2-1/2"]
[WhiteElo "1885"]
[BlackElo "1817"]
[PlyCount "39"]
[EventDate "2020.03.06"]
[EventType "team-swiss"]
[EventRounds "7"]
[EventCountry "CZE"]
[SourceTitle "CBM 195 Extra"]
[Source "ChessBase"]
[SourceDate "2020.05.31"]
[SourceVersion "1"]
[SourceVersionDate "2020.05.31"]
[SourceQuality "1"]
[WhiteTeam "Wales 50"]
[BlackTeam "Latvia 50 (W)"]
[WhiteTeamCountry "WLS"]
[BlackTeamCountry "LAT"]

1. d4 Nf6 2. Nf3 g6 3. g3 Bg7 4. Bg2 d6 5. 0-0 0-0 6. b3 c5 7. Bb2 Nbd7 8. Re1 Qc7 9. c4 Rb8 10. Nc3 a6 11. e4 e6 12. Qe2 b6 13. Rad1 Bb7 14. h3 Rfd8 15. Rd2 d5 16. exd5 exd5 17. dxc5 dxc4 18. Qxc4 b5 19. Qh4 Nxc5 20. Red1 1/2-1/2

[Event "WchT Seniors 50"]
[Site "Prague"]
[Date "2020.03.06"]
[Round "1.11"]
[White "Koganov, Mikhail"]
[Black "Harlinska, Sandra"]
[Result "1/2-1/2"]
[WhiteElo "2085"]
[BlackElo "1817"]
[PlyCount "57"]
[EventDate "2020.03.06"]
[EventType "team-swiss"]
[EventRounds "7"]
[EventCountry "CZE"]
[SourceTitle "CBM 195 Extra"]
[Source "ChessBase"]
[SourceDate "2020.05.31"]
[SourceVersion "1"]
[SourceVersionDate "2020.05.31"]
[SourceQuality "1"]
[WhiteTeam "United States 50 II"]
[BlackTeam "Latvia 50 (W)"]
[WhiteTeamCountry "USA"]
[BlackTeamCountry "LAT"]

1. Nf3 Nf6 2. c4 g6 3. Nc3 d5 4. cxd5 Nxd5 5. Qa4+ c6 6. Qd4 Nf6 7. Qxd8+ Kxd8 8. e4 Nbd7 9. Bc4 e6 10. 0-0 b5 11. Bb3 b4 12. e5 Ng4 13. Ne4 Ngxe5 14. Nxe5 Nxe5 15. d4 Nd7 16. Bg5+ Be7 17. Rfc1 h6 18. Bf4 g5 19. Be3 Nb6 20. Nc5 Bd7 21. Nd3 f6 22. Nc5 Bxc5 23. Rxc5 a5 24. Rac1 Ke7 25. Kf1 Rhd8 26. Bd1 Be8 27. Bf3 Nd5 28. Bxd5 Rxd5 29. Rxd5 1/2-1/2

[Event "Riga President Blitz Cup"]
[Site "Riga"]
[Date "2018.01.27"]
[Round "1"]
[White "Meskovs, Nikita"]
[Black "Harlinska, Sandra"]
[Result "1-0"]
[WhiteElo "2546"]
[BlackElo "1832"]
[PlyCount "43"]
[EventDate "2018.01.27"]
[EventType "swiss (blitz)"]
[EventRounds "11"]
[EventCountry "LAT"]
[SourceTitle "CBM 182 Extra"]
[Source "ChessBase"]
[SourceDate "2018.02.23"]
[SourceVersion "1"]
[SourceVersionDate "2018.02.23"]
[SourceQuality "1"]

1. e4 g6 2. d4 Bg7 3. Nc3 d6 4. f4 c6 5. Be2 b5 6. a3 Qa5 7. Be3 Nf6 8. Bf3 d5 9. b4 Qd8 10. e5 Nfd7 11. a4 bxa4 12. Nxa4 a5 13. Nc5 Nxc5 14. bxc5 Ba6 15. Ne2 Bc4 16. Nc3 Na6 17. Be2 Bxe2 18. Qxe2 Nb4 19. 0-0 0-0 20. Na4 f6 21. Nb6 Ra7 22. c3 1-0

[Event "EU-ch (Women) 18th"]
[Site "Riga"]
[Date "2017.04.21"]
[Round "10"]
[White "Harlinska, Sandra"]
[Black "Erneste, Inguna"]
[Result "1/2-1/2"]
[WhiteElo "1881"]
[BlackElo "2168"]
[PlyCount "95"]
[EventDate "2017.04.11"]
[EventType "swiss"]
[EventRounds "11"]
[EventCountry "LAT"]
[SourceTitle "CBM 177 Extra"]
[Source "ChessBase"]
[SourceDate "2017.04.27"]
[SourceVersion "1"]
[SourceVersionDate "2017.04.27"]
[SourceQuality "1"]

1. e4 e5 2. Nf3 Nc6 3. Bb5 a6 4. Ba4 Nf6 5. 0-0 Be7 6. Re1 b5 7. Bb3 d6 8. c3 0-0 9. h3 Nb8 10. d4 Nbd7 11. Nbd2 Bb7 12. Bc2 Re8 13. a4 Bf8 14. Bd3 bxa4 15. Rxa4 exd4 16. cxd4 g6 17. Qc2 Bg7 18. e5 dxe5 19. dxe5 Nd5 20. e6 Rxe6 21. Rxe6 fxe6 22. Ne4 Nf8 23. Nc5 Bc6 24. Re4 Qd6 25. Ng5 Re8 26. h4 Nf6 27. Bf4 e5 28. Bxe5 Rxe5 29. Rxe5 Qxe5 30. Nxa6 h6 31. Qxc6 hxg5 32. hxg5 Qxg5 33. Nxc7 Ng4 34. Qc4+ Kh7 35. Be2 Ne5 36. Qc2 Qf4 37. Nd5 Qd4 38. Ne3 Qf4 39. Nd5 Qd4 40. Ne3 Qb4 41. Bh5 Qe1+ 42. Kh2 Qb4 43. Kg1 Ne6 44. Bxg6+ Nxg6 45. Qf5 Nef4 46. Ng4 Qxb2 47. g3 Qc1+ 48. Kh2 1/2-1/2

[Event "EU-ch (Women) 18th"]
[Site "Riga"]
[Date "2017.04.17"]
[Round "7"]
[White "Baptista, Ana Filipa"]
[Black "Harlinska, Sandra"]
[Result "1-0"]
[WhiteElo "2071"]
[BlackElo "1881"]
[PlyCount "68"]
[EventDate "2017.04.11"]
[EventType "swiss"]
[EventRounds "11"]
[EventCountry "LAT"]
[SourceTitle "CBM 177 Extra"]
[Source "ChessBase"]
[SourceDate "2017.04.27"]
[SourceVersion "1"]
[SourceVersionDate "2017.04.27"]
[SourceQuality "1"]

1. e4 g6 2. d4 Bg7 3. Nf3 d6 4. c3 Nf6 5. Bd3 0-0 6. 0-0 c6 7. Nbd2 Qc7 8. Re1 e5 9. dxe5 dxe5 10. Nc4 Nbd7 11. Bc2 Ne8 12. a4 b5 13. axb5 cxb5 14. Qd5 Qb7 15. Na5 Qxd5 16. exd5 Nd6 17. Nc6 Bb7 18. Nxa7 Nc8 19. Be3 Nxa7 20. Bxa7 Bxd5 21. Red1 Bxf3 22. gxf3 Rfd8 23. Be4 Rac8 24. Bb7 Rc7 25. Bb6 Rxb7 26. Bxd8 f5 27. Ra5 e4 28. fxe4 fxe4 29. Re1 b4 30. cxb4 Nf6 31. Bxf6 Bxf6 32. Rxe4 Bxb2 33. b5 Kf7 34. Kf1 Bf6 1-0

[Event "EU-ch (Women) 18th"]
[Site "Riga"]
[Date "2017.04.16"]
[Round "6"]
[White "Harlinska, Sandra"]
[Black "Worek, Joanna"]
[Result "1-0"]
[WhiteElo "1881"]
[BlackElo "2330"]
[PlyCount "109"]
[EventDate "2017.04.11"]
[EventType "swiss"]
[EventRounds "11"]
[EventCountry "LAT"]
[SourceTitle "CBM 177 Extra"]
[Source "ChessBase"]
[SourceDate "2017.04.27"]
[SourceVersion "1"]
[SourceVersionDate "2017.04.27"]
[SourceQuality "1"]

1. e4 c5 2. Nf3 e6 3. g3 Nc6 4. Bg2 d5 5. exd5 exd5 6. 0-0 Be7 7. d4 cxd4 8. Nxd4 Nf6 9. h3 0-0 10. Be3 Be6 11. Nd2 Qd7 12. Kh2 Rfe8 13. c3 Rac8 14. N2b3 Bf8 15. Nf3 Bf5 16. Re1 h6 17. Nc5 Qc7 18. Nd3 Be4 19. Bc5 Bxc5 20. Nxc5 Bxf3 21. Rxe8+ Rxe8 22. Bxf3 Ne5 23. Nd3 Nxf3+ 24. Qxf3 Qb6 25. Rd1 a5 26. Kg2 Re4 27. b3 Qd6 28. Nf4 d4 29. Nh5 Re6 30. Rxd4 Qe7 31. Nf4 Re1 32. Nd5 Nxd5 33. Rxd5 Ra1 34. Qd3 g6 35. Rd8+ Kh7 36. Qd4 g5 37. Qh8+ Kg6 38. Rg8+ Kf5 39. Qh7+ Ke6 40. Qxh6+ Kd7 41. Qh7 Rxa2 42. Qf5+ Kc7 43. c4 Kb6 44. Rxg5 Qe1 45. Qc5+ Ka6 46. Re5 Rxf2+ 47. Qxf2 Qxe5 48. h4 f6 49. Qf3 b5 50. Qc6+ Ka7 51. cxb5 Qb2+ 52. Kh3 Qxb3 53. Qc7+ Ka8 54. Qxa5+ Kb7 55. Qa6+ 1-0

[Event "EU-ch (Women) 18th"]
[Site "Riga"]
[Date "2017.04.12"]
[Round "2"]
[White "Ivanenko, Olga I"]
[Black "Harlinska, Sandra"]
[Result "1-0"]
[WhiteElo "2252"]
[BlackElo "1881"]
[PlyCount "83"]
[EventDate "2017.04.11"]
[EventType "swiss"]
[EventRounds "11"]
[EventCountry "LAT"]
[SourceTitle "CBM 177 Extra"]
[Source "ChessBase"]
[SourceDate "2017.04.27"]
[SourceVersion "1"]
[SourceVersionDate "2017.04.27"]
[SourceQuality "1"]

1. e4 c6 2. d4 d5 3. exd5 cxd5 4. c4 Nf6 5. Nc3 g6 6. Qb3 Bg7 7. cxd5 0-0 8. Nge2 Na6 9. Nf4 Nc7 10. Be2 Rb8 11. a4 b6 12. 0-0 Bb7 13. Bf3 g5 14. Nh5 Nxh5 15. Bxh5 Nxd5 16. Bxg5 Nf6 17. Qd1 Nxh5 18. Qxh5 Qxd4 19. Bxe7 Rfe8 20. Rfe1 Qd7 21. Qg5 Qc6 22. Nb5 h6 23. Qg3 Kh7 24. Nd6 Bxb2 25. Nxe8 Bxa1 26. Bf6 Qxg2+ 27. Qxg2 Bxg2 28. Kxg2 Rxe8 29. Rxa1 Kg6 30. Bd4 Re4 31. Be3 Rb4 32. a5 h5 33. axb6 axb6 34. Ra6 Kf5 35. Rxb6 Rg4+ 36. Kf3 Rh4 37. Rb5+ Kg6 38. Bf4 Rh3+ 39. Bg3 h4 40. Kg2 hxg3 41. Kxh3 gxf2 42. Kg2 1-0